|
|
|
|
| LEADER |
00000nam0a2200000 4500 |
| 001 |
112001 |
| 005 |
20231101215030.0 |
| 035 |
|
|
|a (RuTPU)RU\TPU\book\120972
|
| 090 |
|
|
|a 112001
|
| 100 |
|
|
|a 20070321d1977 m y0rusy50 ca
|
| 101 |
0 |
|
|a rus
|
| 102 |
|
|
|a RU
|
| 105 |
|
|
|a a z 001zy
|
| 200 |
1 |
|
|a Химия и биохимия углеводов (моносахариды)
|e учебное пособие
|f Б. Н. Степаненко
|
| 210 |
|
|
|a Москва
|c Высшая школа
|d 1977
|
| 215 |
|
|
|a 224 с.
|c ил.
|
| 320 |
|
|
|a Библиография в конце глав.
|
| 320 |
|
|
|a Предметный указатель: с. 218-223.
|
| 606 |
1 |
|
|a Углеводы
|x Биохимия
|2 stltpush
|3 (RuTPU)RU\TPU\subj\62302
|9 79393
|
| 606 |
1 |
|
|a Углеводы
|x Химия
|2 stltpush
|3 (RuTPU)RU\TPU\subj\76503
|9 87554
|
| 610 |
1 |
|
|a моносахариды
|
| 610 |
1 |
|
|a строение
|
| 610 |
1 |
|
|a конформация
|
| 610 |
1 |
|
|a растворы
|
| 610 |
1 |
|
|a физические методы
|
| 610 |
1 |
|
|a реакции
|
| 610 |
1 |
|
|a свойства
|
| 610 |
1 |
|
|a метаболизм
|
| 610 |
1 |
|
|a учебные пособия
|
| 675 |
|
|
|a 547.454(075.8)
|v 3
|
| 675 |
|
|
|a 577.114(075.8)
|v 3
|
| 700 |
|
1 |
|a Степаненко
|b Б. Н.
|g Борис Николаевич
|
| 801 |
|
1 |
|a RU
|b 63413507
|c 20070321
|g PSBO
|
| 801 |
|
2 |
|a RU
|b 63413507
|c 20170606
|g PSBO
|
| 942 |
|
|
|c BK
|